Popular tales of Rajasthan, (Record no. 79447)

MARC details
000 -LEADER
fixed length control field 00676cam a22002531 4500
001 - CONTROL NUMBER
control field sa 68003390
003 - CONTROL NUMBER IDENTIFIER
control field DLC
005 - DATE AND TIME OF LATEST TRANSACTION
control field 20260227112452.0
008 - FIXED-LENGTH DATA ELEMENTS--GENERAL INFORMATION
fixed length control field 710903s1967 ii 00010 eng
010 ## - LIBRARY OF CONGRESS CONTROL NUMBER
LC control number sa 68003390 //r974
025 ## - OVERSEAS ACQUISITION NUMBER
Overseas acquisition number PL480:I-E-8585
040 ## - CATALOGING SOURCE
Original cataloging agency DLC
Transcribing agency DLC
Modifying agency DLC
043 ## - GEOGRAPHIC AREA CODE
Geographic area code a-ii---
050 00 - LIBRARY OF CONGRESS CALL NUMBER
Classification number GR305.5.R3
Item number B5
082 00 - DEWEY DECIMAL CLASSIFICATION NUMBER
Classification number 398.2/0954/4
100 10 - MAIN ENTRY--PERSONAL NAME
Personal name Birla, L. N.
245 10 - TITLE STATEMENT
Title Popular tales of Rajasthan,
Statement of responsibility, etc. by L. N. Birla.
250 ## - EDITION STATEMENT
Edition statement [1st ed.]
260 0# - PUBLICATION, DISTRIBUTION, ETC.
Place of publication, distribution, etc. Bombay,
Name of publisher, distributor, etc. Bharatiya Vidya Bhavan,
Date of publication, distribution, etc. 1967.
300 ## - PHYSICAL DESCRIPTION
Extent xii, 174 p.
Dimensions 19 cm.
350 ## - PRICE (NR) (BK AM CF MU VM SE) [OBSOLETE]
Price Rs2.50
490 0# - SERIES STATEMENT
Series statement Bhavan's book university, 150
650 #0 - SUBJECT ADDED ENTRY--TOPICAL TERM
Topical term or geographic name entry element Tales
Geographic subdivision India
-- Rajasthan.

No items available.

Powered by Koha